000 00664nam a2200181Ia 4500
005 20250508152420.0
008 008 250505s9999 xx 000 0 eng d
037 _aTextual
040 _aFEDL
_beng
_cFEDL
041 _aeng
_2eng
084 _a374.1, SMI
_qFEDL
100 _aSmith Helen Lyman
_944449
245 0 _aAdut education activities in pubic libraries : A report of the ALA survey of adult education activities in public libraries and state library extension agencies of the United States
260 _aChicago, USA
_bAmerican Library Association
_c1954
300 _axii,96p
942 _cTEXL
_h374.1, SMI
999 _c1336279
_d1336279